WUWA 1929 - 2009 : The Werkbund Exhibition in Wrocław /

Gespeichert in:
Bibliographische Detailangaben
1. Verfasser: Urbanik, Jadwiga (Verfasst von)
Weitere Verfasser: Ilkosz, Jerzy (Herausgegeben von)
Format: Buch
Sprache:Englisch
Veröffentlicht: Wrocław : Muzeum Architektury we Wrocławiu, 2010
Ausgabe:1. vydanie
Schlagworte:
Tags: Tag hinzufügen
Keine Tags, Fügen Sie das erste Tag hinzu!

MARC

LEADER 00000nam a22000003a 4500
001 0112470
003 SK-STU
005 20241120145250.4
007 ta
008 241120s ----xo-----e------000-0-----d
020 |a 978-83-89262-62-2 
040 |a STU  |b slo 
041 0 |a eng 
044 |a pl 
100 1 |a Urbanik, Jadwiga  |4 aut 
245 1 0 |a WUWA 1929 - 2009 :  |b The Werkbund Exhibition in Wrocław /  |c aut. Jadwiga Urbanik ; ed. Jerzy Ilkosz 
250 |a 1. vydanie 
260 |a Wrocław :  |b Muzeum Architektury we Wrocławiu,  |c 2010 
300 |a 509 s. 
650 0 7 |a German Werkbund 
650 0 7 |a Wohnung unbd Wertraum 
650 0 7 |a obytné budovy 
650 0 7 |a moderná architektúra 
650 0 7 |a bytové domy 
650 0 7 |a dvadsiate roky 
650 0 7 |a 20. storočie 
650 0 7 |a občianske budovy 
650 0 7 |a Wroclaw 
700 1 |a Ilkosz, Jerzy  |4 edt 
996 |b 284AU10050  |c A* 13404/U  |l AAKNAR  |s A  |a 24  |w 0112470_0001